000 00711nam a2200241 i 4500
001 bg
100 1 _aPATER, Zbigniew
245 1 0 _aWalcowanie poprzeczno-klinowe odkuwek osiowo-symetrycznych /
_cZbigniew Pater.
260 _aLublin :
_bPolitechnika Lubelska,
_c2001.
300 _a164 s. :
_bil. ;
_c24 cm.
504 _aBibliogr.
650 9 _aWalcowanie
_xtechnologia
650 9 _aWalcowanie
_xteoria
650 9 _aMetoda elementów skończonych
_xstosowanie
650 9 _aSystemy ekspertowe
_xstosowanie
020 _a8388110489
040 _cBPK
041 0 _apl
_ben
080 _a621.77:539.3:519.61/.64
920 _a83-88110-48-9
942 _cKS
008 s pl f |000 0 pol
999 _c40892
_d40892
856 _uhttp://koha.tu.koszalin.pl/cgi-bin/koha/opac-detail.pl?biblionumber=40892
_yKatalog online BPK